| 000 | 00705nam a2200253Ia 4500 | ||
|---|---|---|---|
| 003 | OSt | ||
| 005 | 20221006143910.0 | ||
| 006 | a|||||r|||| 00| 0 | ||
| 007 | ta | ||
| 008 | 221006b |||||||| |||| 00| 0 eng d | ||
| 020 | _c164.50 | ||
| 024 | _a10,344 | ||
| 037 | _cTextual | ||
| 040 |
_aEASL _cEASL _beng |
||
| 041 |
_2eng _aeng |
||
| 082 | _aW.41.N54, L7 | ||
| 100 | _aSOLINGER Dorothy J | ||
| 245 | 0 | _aRegional government and political integration in Southwest china, 1949-1954 | |
| 260 |
_aBerkeley _bUniversity of california Press _c1977 |
||
| 300 |
_a290p. _ccm. |
||
| 490 | _v CEL | ||
| 942 |
_hW.41.N54, L7 _cTEXL _2CC |
||
| 999 |
_c1078430 _d1078430 |
||